| 000 | 00393nam a22001577a 4500 | ||
|---|---|---|---|
| 005 | 20251201114335.0 | ||
| 008 | 251201b |||||||| |||| 00| 0 eng d | ||
| 020 | _a978-0-07-147262-3 | ||
| 050 | _aREF:KF 156.B87 2007 | ||
| 100 | _aBURTON WILLIAM C. | ||
| 245 | _aBURTON'S LEGAL THESAURUS | ||
| 250 | _a4th | ||
| 260 |
_aNEWYORK _bMC GRAHILL _c2007 |
||
| 300 | _aX,1063 | ||
| 942 |
_2lcc _cBK |
||
| 999 |
_c216319 _d216319 |
||